<?xml version="1.0" encoding="UTF-8"?><?xml-stylesheet type="text/xsl" href="static/style.xsl"?><OAI-PMH xmlns="http://www.openarchives.org/OAI/2.0/" xmlns:xsi="http://www.w3.org/2001/XMLSchema-instance" xsi:schemaLocation="http://www.openarchives.org/OAI/2.0/ http://www.openarchives.org/OAI/2.0/OAI-PMH.xsd"><responseDate>2026-06-05T21:45:40Z</responseDate><request verb="GetRecord" identifier="oai:riuma.uma.es:10630/32507" metadataPrefix="marc">https://riuma.uma.es/rest/oai/request</request><GetRecord><record><header><identifier>oai:riuma.uma.es:10630/32507</identifier><datestamp>2026-02-03T11:25:07Z</datestamp><setSpec>com_10630_2254</setSpec><setSpec>col_10630_37953</setSpec></header><metadata><record xmlns="http://www.loc.gov/MARC21/slim" xmlns:dcterms="http://purl.org/dc/terms/" xmlns:doc="http://www.lyncode.com/xoai" xmlns:xsi="http://www.w3.org/2001/XMLSchema-instance" xsi:schemaLocation="http://www.loc.gov/MARC21/slim http://www.loc.gov/standards/marcxml/schema/MARC21slim.xsd">
   <leader>00925njm 22002777a 4500</leader>
   <datafield ind2=" " ind1=" " tag="042">
      <subfield code="a">dc</subfield>
   </datafield>
   <datafield ind2=" " ind1=" " tag="720">
      <subfield code="a">Gutiérrez-Sánchez, José David</subfield>
      <subfield code="e">author</subfield>
   </datafield>
   <datafield ind2=" " ind1=" " tag="720">
      <subfield code="a">Epelde-Juaristi, Maddalen</subfield>
      <subfield code="e">author</subfield>
   </datafield>
   <datafield ind2=" " ind1=" " tag="720">
      <subfield code="a">Abolafio-Moreno, Estrella</subfield>
      <subfield code="e">author</subfield>
   </datafield>
   <datafield ind2=" " ind1=" " tag="260">
      <subfield code="c">2023-03-22</subfield>
   </datafield>
   <datafield ind2=" " ind1=" " tag="520">
      <subfield code="a">En octubre de 2021, el Gobierno de España modifica la legislación en materia de migración&#xd;
mediante la aprobación del Real Decreto 903/2021. Esta regulación tiene como objetivo facilitar,&#xd;
entre otras cuestiones, el acceso laboral de jóvenes migrantes en edad de trabajar. En&#xd;
este contexto, el presente artículo pretende analizar si efectivamente esta reforma supone una&#xd;
mejora de cara a facilitar los procesos de inclusión social de los jóvenes migrantes no acompañados/&#xd;
as. Para ello, se ha optado por una metodología mixta, realizando entrevistas en profundidad&#xd;
a agentes clave y una encuesta a los jóvenes. Los resultados muestran que la reforma&#xd;
legislativa ha tenido una repercusión positiva sobre estos/as jóvenes de cara a lograr una&#xd;
autonomía (económica). No obstante, esto vendría a ser solo un paso en el camino hacia una&#xd;
inclusión plena en la sociedad de destino. Se constata que es conveniente abordar, aparte del&#xd;
laboral, otros ámbitos relacionados con esa inclusión social.</subfield>
   </datafield>
   <datafield ind1="8" ind2=" " tag="024">
      <subfield code="a">Gutiérrez, J.D., Epelde, M. y Abolafio, E. (2023). Inserción sociolaboral de jóvenes inmigrantes no acompañados/as: ¿Una respuesta efectiva en el camino hacia la autonomía? Migraciones, 57, 1-20. https://doi.org/10.14422/mig.2023.005</subfield>
   </datafield>
   <datafield ind1="8" ind2=" " tag="024">
      <subfield code="a">https://hdl.handle.net/10630/32507</subfield>
   </datafield>
   <datafield ind1="8" ind2=" " tag="024">
      <subfield code="a">10.14422/mig.2023.005</subfield>
   </datafield>
   <datafield tag="653" ind2=" " ind1=" ">
      <subfield code="a">Emigración e inmigración - Derecho y legislación - España</subfield>
   </datafield>
   <datafield tag="653" ind2=" " ind1=" ">
      <subfield code="a">Menores emigrantes - Protección, asistencia, etc</subfield>
   </datafield>
   <datafield ind2="0" ind1="0" tag="245">
      <subfield code="a">Inserción sociolaboral de jóvenes inmigrantes no acompañados/as: ¿una respuesta efectiva en el camino hacia la autonomía?.</subfield>
   </datafield>
</record>
</metadata></record></GetRecord></OAI-PMH>